000 00697cam a22002533a 4500
001 18764
003 PGUSA
005 20140828083411.0
008 060706s2006||||xxu|||||s|||||000 | eng d
040 _aPGUSA
_beng
042 _adc
050 4 _aDT
050 4 _aDP
100 1 _aMeakin, Budgett,
_d1866-1906
245 1 0 _aLife in Morocco and Glimpses Beyond
_h[electronic resource] /
_cBudgett Meakin
260 _bProject Gutenberg,
_c2006
506 _aPublic domain in the USA.
516 _aElectronic text
653 _aMorocco
653 _aSpain -- Description and travel
830 0 _aProject Gutenberg
_v18764
856 4 0 _uhttp://www.gutenberg.org/ebooks/18764
942 _cEB
999 _c248019
_d248019